| 000 | 01080nam a22003017a 4500 | ||
|---|---|---|---|
| 001 | 9423 | ||
| 003 | FISKH | ||
| 005 | 20260106134048.0 | ||
| 008 | 260106b cb ||||| |||| 00| 0 eng d | ||
| 020 | _a9781407117478 | ||
| 040 |
_aFISKH _beng _cFISKH _dFISKH |
||
| 050 | _aPZ7 | ||
| 082 | _a941 | ||
| 100 |
_aDeary, Terry _eAuthor |
||
| 245 |
_aFrightfully funny quiz book / _cTerry Deary ; Illustrated by Martin Brown |
||
| 260 |
_aLondon : _bScholastic Children's Books , _c2010 |
||
| 300 |
_a92 pages : _billustrations ; _c20 cm |
||
| 490 |
_aHorrible histories : _vQuiz books |
||
| 505 | _aR | ||
| 520 | _aAfter 15 fearsome years on the page, 'Horrible Histories' are now on the small screen - with all the nasty bits intact This quiz book is a test on all the goriest moments in British history, including all the grisly details. | ||
| 521 | 8 |
_a700
_bLexile estimate |
|
| 521 | 8 |
_aR
_bRaz-Plus |
|
| 650 |
_aHorrible histories _vNon-fiction |
||
| 650 |
_aQuestions _vAnswer |
||
| 700 |
_aBrown, Martin _eIllustrator |
||
| 942 |
_2ddc _cBK _n0 |
||
| 999 |
_c9423 _d9423 |
||